|
|
|
|
| LEADER |
01747cas a2200301 a 4500 |
| 001 |
AALejournalIMF020141 |
| 008 |
230101c9999 xx r poo 0 0eng d |
| 020 |
|
|
|c 5.00 USD
|
| 020 |
|
|
|z 9781498337960
|
| 022 |
|
|
|a 2663-3493
|
| 040 |
|
|
|a BD-DhAAL
|c BD-DhAAL
|
| 110 |
2 |
|
|a International Monetary Fund.
|
| 245 |
1 |
0 |
|a Operational Guidance Note on Conditionality-December 2009 Revisions.
|
| 264 |
|
1 |
|a Washington, D.C. :
|b International Monetary Fund,
|c 2010.
|
| 300 |
|
|
|a 1 online resource (10 pages)
|
| 490 |
1 |
|
|a Policy Papers
|
| 500 |
|
|
|a <strong>Off-Campus Access:</strong> No User ID or Password Required
|
| 500 |
|
|
|a <strong>On-Campus Access:</strong> No User ID or Password Required
|
| 506 |
|
|
|a Electronic access restricted to authorized BRAC University faculty, staff and students
|
| 520 |
3 |
|
|a The 2000-02 comprehensive review of the Fund's conditionality culminated in the adoption of a set of conditionality guidelines by the Executive Board on September 25, 2002. The 2002 Conditionality Guidelines (the 'guidelines') replace the 1979 Conditionality Guidelines and the Interim Guidance Note on Streamlining Structural Conditionality of September 18, 2000. A review of experience with the guidelines, looking at how they have been implemented and at their impact, is conducted periodically; summary statistics on conditionality have been prepared annually since 2008.
|
| 538 |
|
|
|a Mode of access: Internet
|
| 650 |
|
7 |
|a Authority
|2 imf
|
| 650 |
|
7 |
|a Fund
|2 imf
|
| 650 |
|
7 |
|a Policy
|2 imf
|
| 650 |
|
7 |
|a PP
|2 imf
|
| 650 |
|
7 |
|a Program Goal
|2 imf
|
| 830 |
|
0 |
|a Policy Papers; Policy Paper ;
|v No. 2010/007
|
| 856 |
4 |
0 |
|z Full text available on IMF
|u http://elibrary.imf.org/view/journals/007/2010/007/007.2010.issue-007-en.xml
|z IMF e-Library
|